000 00442nam a22001697a 4500
003 OSt
005 20250903144722.0
008 240320b |||||||| |||| 00| 0 eng d
020 _a9789380428994
040 _cddc
082 _a635PON
100 _aPonnuswami V, Preethi R and Padmadevi K
245 _aTissue Culture of Horticultural Crops
260 _aJaya Publishing House , New Delhi
_c2014
300 _a223
942 _cBBS
_2ddc
999 _c370378
_d370378